Nothing New (TV) - Taylor Swift (All Lyrics) - Statistics

General Stats
  • This quiz has been taken 330 times
    317 since last reset
  • The average score is 332 of 367
Answer Stats
Lyrics % Correct
a
99%
an
99%
and
99%
And
99%
you
99%
go
98%
I
98%
me
98%
new?
98%
nothin'
98%
nothing
98%
When
98%
at
97%
but
97%
But
97%
have
97%
How
97%
I'm
97%
it
97%
it"
97%
know
97%
still
97%
the
97%
The
97%
will
97%
Will
97%
your
97%
eighteen
96%
everythin'
96%
my
96%
to
96%
want
96%
you're
96%
be
95%
on
95%
Then
95%
then
95%
They
95%
they
95%
twenty-two
95%
twenty-two?
95%
who
95%
can
94%
do
94%
in
94%
person
94%
cry
93%
drink
93%
fun"
93%
had
93%
had)
93%
it's
93%
It's
93%
of
93%
out
93%
tonight
93%
too
93%
"Girls,
92%
I've
92%
(I've
92%
much
92%
say,
92%
say
92%
"She
92%
she
92%
tell
92%
up
92%
up)
92%
young
92%
this
91%
actually
90%
all
90%
From
90%
from
90%
like
90%
night
90%
room?
90%
room
90%
feel
89%
middle
89%
think
89%
wake
89%
(Wake
89%
what
89%
cryin'
88%
long
88%
movin'
88%
ones
88%
time
88%
while
88%
about
87%
been
87%
cute,
87%
is
87%
Oh,
87%
oh
87%
(Oh)
87%
oh,
87%
only
87%
sleep
87%
way
87%
dream
86%
moving
86%
myself
86%
she's
86%
down
85%
down?
85%
I'll
85%
looks
85%
someday
85%
through
85%
are
84%
Are
84%
everything
84%
fever
84%
fly
84%
gonna
84%
growin'
84%
lost
84%
sad,
84%
seventeen
84%
sky
84%
become
83%
her,
83%
love
83%
Once
83%
once
83%
cheeks
82%
meet
82%
smiles
82%
blame
81%
faking
81%
novelty?
81%
slay
81%
youth
81%
breaking
80%
for
80%
kind
80%
Lord,
80%
we
80%
Criticize
79%
did
79%
eyes
79%
got
79%
roll
79%
tired
79%
affection
78%
happy
78%
hunt
78%
radiance
78%
She'll
78%
she'll
78%
soaring
78%
with
78%
someone
75%
can't
74%
growing
74%
lights
74%
People
74%
red
72%
else
71%
Shoot
71%
'til
71%
turning
70%
lose
69%
map
68%
attention?
67%
sigh
67%
they'll
63%
miss
62%
if
61%
ingénue
58%
(Ah)
56%
biding
56%
drive
56%
woah,
56%
wonder
56%
No matching quizzes found
Score Distribution
Percent of People with Each Score
Percentile by Number Answered
Your Score History
You have not taken this quiz since the last reset